| 000 | 00931nam a22001937a 4500 | ||
|---|---|---|---|
| 003 | AR-FvUNAJ | ||
| 005 | 20250625111405.0 | ||
| 007 | cr | ||
| 008 | 250513b ||||| |||| 00| 0 spa d | ||
| 110 | 2 |
_98604 _aArgentina. _bMinisterio de Salud. |
|
| 245 | 1 | 0 |
_aGuía de práctica clínica sobre prevención y detección precoz de la enfermedad renal crónica en adultos en el primer nivel de atención / _cPrograma Nacional de Garantía de Calidad de la Atención Médica |
| 260 |
_aBuenos Aires : _bMinisterio de Salud, _c2010. |
||
| 300 | _a83 p. | ||
| 650 | 0 |
_2decs _95931 _aENFERMEDAD RENAL |
|
| 710 | 2 |
_917026 _aPrograma Nacional de Garantía de Calidad de la Atención Médica |
|
| 856 | 4 | 0 | _uhttps://salud.misiones.gob.ar/wp-content/uploads/2017/07/0000000069cnt-2012-08-02_guia-prevencion-deteccion-precoz-enfermedad-renal-cronica-adultos.pdf |
| 942 |
_2ddc _cLIBRO DIGI |
||
| 980 |
_62 _aVirginia Figueroa _82 _gVirginia Figueroa |
||
| 999 |
_c10926 _d10926 |
||